[Event "GER-chT North U16"]
[Site "Syke"]
[Date "2004.09.17"]
[Round "4.2"]
[White "Klink, Otto"]
[Black "Hummel, Helmut"]
[Result "0-1"]
[WhiteElo "1794"]
[BlackElo "1618"]
[PlyCount "74"]
[EventDate "2004.09.16"]
[EventType "team-swiss"]
[EventRounds "7"]
[EventCountry "GER"]
[SourceTitle "EXT 2006"]
[Source "ChessBase"]
[SourceDate "2005.11.24"]
[SourceVersion "1"]
[SourceVersionDate "2005.11.24"]
[SourceQuality "1"]

1. e4 e5 2. Nf3 Nc6 3. Bc4 Bc5 4. c3 Nf6 5. d3 h6 6. Nbd2 d6 7. b4 Bb6 8. Bb2 Bg4 9. Qc2 a6 10. a3 d5 11. Bb3 0-0 12. 0-0 dxe4 13. dxe4 Qe7 14. Rfe1 Rad8 15. c4 Bd4 16. Nxd4 Nxd4 17. Bxd4 Rxd4 18. f3 Rfd8 19. Rad1 Qd7 20. Nf1 Be6 21. Ne3 Rd2 22. Qc3 Qd4 23. Qxd4 R8xd4 24. Nd5 Rb2 25. Rb1 Rdd2 26. Rxb2 Rxb2 27. Re3 Nh5 28. g3 Bh3 29. Rd3 Rg2+ 30. Kh1 Rf2 31. Rd1 Rxf3 32. Rb1 c6 33. Ne7+ Kf8 34. Nf5 Nf6 35. Nh4 Rc3 36. Kg1 Nxe4 37. Rb2 Rc1+ 0-1

[Event "GER-chT U16"]
[Site "Burg Stargard"]
[Date "2002.12.28"]
[Round "3.3"]
[White "Schlereth, Mario"]
[Black "Klink, Otto"]
[Result "1-0"]
[WhiteElo "1572"]
[BlackElo "1623"]
[PlyCount "77"]
[EventDate "2002.12.27"]
[EventType "team"]
[EventRounds "7"]
[EventCountry "GER"]
[SourceTitle "CBM 092 Extra"]
[Source "ChessBase"]
[SourceDate "2003.03.07"]
[SourceVersion "1"]
[SourceVersionDate "2003.03.07"]
[SourceQuality "1"]

1. e4 c5 2. Nf3 Nc6 3. Bc4 g6 4. Nc3 Bg7 5. d3 e6 6. Be3 Nd4 7. Bxd4 cxd4 8. Ne2 Qb6 9. Qc1 Ne7 10. 0-0 0-0 11. c3 dxc3 12. bxc3 Qa5 13. d4 b5 14. Qg5 Nf5 15. exf5 bxc4 16. fxg6 Qxg5 17. gxh7+ Kxh7 18. Nxg5+ Kg6 19. Nf3 d6 20. Rab1 Rh8 21. Rb5 Bh6 22. Rfb1 Bd7 23. R5b4 a5 24. Rb6 Bf8 25. Ng3 f6 26. Nd2 d5 27. f4 Bh6 28. Ne2 Kf7 29. g3 e5 30. dxe5 fxe5 31. Nf3 e4 32. Ne5+ Ke7 33. Ng6+ Kf7 34. Nxh8+ Rxh8 35. Nd4 Bf8 36. Rb7 Ke8 37. Rb8+ Ke7 38. R1b7 Kd6 39. Rd8 1-0

[Event "DLM U20"]
[Site "Werfen"]
[Date "2002.08.01"]
[Round "6.5"]
[White "Klink, Otto"]
[Black "Krug, Kevin"]
[Result "1-0"]
[WhiteElo "1596"]
[BlackElo "1759"]
[PlyCount "75"]
[EventDate "2002.07.28"]
[EventType "team-swiss"]
[EventRounds "7"]
[EventCountry "GER"]
[SourceTitle "CBM 089 Extra"]
[Source "ChessBase"]
[SourceDate "2002.09.10"]
[SourceVersion "2"]
[SourceVersionDate "2002.09.10"]
[SourceQuality "1"]

1. e4 e5 2. Nf3 Nc6 3. Bc4 Nf6 4. Ng5 Bc5 5. Nxf7 Bxf2+ 6. Kxf2 Nxe4+ 7. Kg1 Qh4 8. Qf1 Rf8 9. d3 Nd6 10. Nxd6+ cxd6 11. Qe2 Nd4 12. Qd2 Nxc2 13. h3 Qd4+ 14. Kh2 Nxa1 15. Nc3 b5 16. Nxb5 Qb6 17. Qc3 Rf2 18. Nc7+ Kf8 19. Nxa8 Qc6 20. Bd5 Qxd5 21. Qxc8+ Kf7 22. Qe8+ Kxe8 23. Nc7+ Kf7 24. Nxd5 Nc2 25. Kg3 Rf5 26. Ne3 Nxe3 27. Bxe3 a6 28. b4 d5 29. a4 e4 30. d4 Ke6 31. b5 axb5 32. axb5 Rf8 33. b6 Rb8 34. Rb1 Rb7 35. Bg5 Kd6 36. Bd8 g6 37. Kf4 Rxb6 38. Rxb6# 1-0

[Event "DLM U20"]
[Site "Werfen"]
[Date "2002.07.30"]
[Round "3.5"]
[White "Klink, Otto"]
[Black "Fervers, Lukas"]
[Result "1/2-1/2"]
[WhiteElo "1596"]
[BlackElo "1709"]
[PlyCount "116"]
[EventDate "2002.07.28"]
[EventType "team-swiss"]
[EventRounds "7"]
[EventCountry "GER"]
[SourceTitle "CBM 089 Extra"]
[Source "ChessBase"]
[SourceDate "2002.09.10"]
[SourceVersion "2"]
[SourceVersionDate "2002.09.10"]
[SourceQuality "1"]

1. e4 e5 2. Nf3 f5 3. Nxe5 Qf6 4. d4 d6 5. Nf3 fxe4 6. Qe2 Qe7 7. Nfd2 Nf6 8. Nc3 Bf5 9. Qb5+ Bd7 10. Qxb7 Bc6 11. Qc8+ Qd8 12. Qxd8+ Kxd8 13. Nb3 d5 14. Be2 Bd6 15. 0-0 Bd7 16. Be3 c6 17. Na4 h5 18. Nac5 Kc7 19. h3 Rg8 20. Rac1 g5 21. c4 h4 22. cxd5 g4 23. hxg4 Bxg4 24. Bxg4 Nxg4 25. Nxe4 h3 26. g3 Nxe3 27. fxe3 Bxg3 28. Nxg3 Rxg3+ 29. Kh1 Rxe3 30. Rfd1 Kd6 31. Na5 Kxd5 32. Rc3 Rxc3 33. bxc3 Nd7 34. c4+ Kd6 35. Kh2 Rh8 36. Rg1 Nf8 37. Nb7+ Kc7 38. Nc5 Rh4 39. Rd1 Kd6 40. Kg3 Rh6 41. Re1 Nh7 42. Ne4+ Kc7 43. Rh1 Nf8 44. Nc5 Ne6 45. Nb3 Ng5 46. Kg4 Ne4 47. Kf3 Ng5+ 48. Kf4 Rg6 49. Kf5 Rg8 50. Nd2 Kd7 51. Kf6 Nh7+ 52. Kf5 Ng5 53. Ne4 Nxe4 54. Kxe4 Rh8 55. Rh2 Ke6 56. Kf4 Rh6 57. Ke3 Kd6 58. Kd3 Rh5 1/2-1/2

[Event "Lucky op 2nd"]
[Site "Hamburg"]
[Date "1999.10.18"]
[Round "5"]
[White "Klink, Otto"]
[Black "Kuehn, Bodo"]
[Result "0-1"]
[WhiteElo "1350"]
[BlackElo "1657"]
[PlyCount "68"]
[EventDate "1999.10.??"]
[EventType "swiss"]
[EventRounds "9"]
[EventCountry "GER"]
[SourceTitle "EXT 2001"]
[Source "ChessBase"]
[SourceDate "2000.11.22"]
[SourceVersion "1"]
[SourceVersionDate "2000.11.22"]
[SourceQuality "1"]

1. e4 c5 2. Nf3 Nf6 3. Nc3 Nc6 4. d4 d5 5. e5 cxd4 6. Nxd4 Nxe5 7. Bf4 Ng6 8. Bg3 e5 9. Bb5+ Bd7 10. Bxd7+ Qxd7 11. Qe2 Bd6 12. f4 0-0 13. fxe5 Nxe5 14. 0-0-0 Rfe8 15. Rhe1 Nc4 16. Qf3 Bxg3 17. Qxg3 Ne4 18. Nxe4 Rxe4 19. Rxe4 dxe4 20. Qf4 Re8 21. b3 Nb6 22. Rf1 Nd5 23. Qf2 e3 24. Qe1 Nf6 25. h3 Qxd4 26. c3 Qd3 27. Rf3 Nd5 28. Kb2 Qxc3+ 29. Qxc3 Nxc3 30. Kxc3 e2 31. Kb2 e1Q 32. Ka3 Re6 33. Rf5 Ra6+ 34. Kb2 Qd2+ 0-1